|
|
แสดงรายละเอียดบรรณานุกรม |
|
|
Brief Record
: Get Marc (ISO 2709)
: E-mail record
: |
|
|
|
| LEADER 00000nama 2200000uu 4500 | |||
| 001 190637 | |||
| 003 ULIBM | |||
| 008 040531s|||| th m m a000 0 tha d | |||
| 020 ^a9742948526 | |||
| 041 tha | |||
| 050 WY152 ก495 2548 | |||
| 100 บุญศรี นุเกตุ, บรรณาธิการ. | |||
| 245 การพยาบาลผู้สูงอายุ/บรรณาธิการ, บุญศรี นุเกตุ, ปาลีรัตน์ พรทวีกัณทา และคณะ. | |||
| 250 พิมพ์ครั้งที่2,3 | |||
| 260 2548,นนทบุรี. โครงการสวัสดิการวิชาการ สถาบันพระบรมราชชนก. | |||
| 300 243 หน้า | |||
| 600 I.สถาบันพระบรมราชชนก,โครงการสวัสดิการวิชาการ. | |||
| 650 1.การพยาบาลผู้สูงอายุและโรคเรื้อรัง 2.การพยาบาลเฉพาะทาง. | |||
| 995 001 | |||
| 999 ^aใช้งานได้ทุกระบบ | |||
| คุณยังไม่ได้ล็อกอิน คุณสามารถมีกิจกรรมร่วมกับเว็บไซต์ได้ แต่ต้องล็อกอินก่อน :: |
|
| สถานะ | |||||||||
| 1. | หนังสือทั่วไป | WY152 ก495 2548 | On Shelf ขอยืม | ||||||
| 2. | หนังสือทั่วไป | WY152 ก495 2548 | On Shelf ขอยืม | ||||||
| 3. | หนังสือทั่วไป | WY152 ก495 2548 | On Shelf ขอยืม | ||||||
| [แสดง 3/3 รายการ] | |||||||||
BibComment |
| คอมเมนท์ทรัพยากรรายการนี้ |
|
|